Normal view MARC view

Entry Términos de género/forma

Number of records used in: 20

001 - NÚMERO DE CONTROL

  • campo de control: 234409

003 - IDENTIFICADOR DE NÚMERO DE CONTROL

  • campo de control: SpMaBN

005 - FECHA Y HORA DE LA ÚLTIMA TRANSACCIÓN

  • campo de control: 20231027171804.0

008 - ELEMENTOS DE DATO DE LONGITUD-FIJA

  • campo de control de longitud fija: 151005 n azznnbabn a ana

024 7# - IDENTIFICADOR DE OTROS ESTÁNDARES

  • Número estándar o código: http://id.loc.gov/authorities/genreForms/gf2014026246
  • Fuente: lcgft

024 7# - IDENTIFICADOR DE OTROS ESTÁNDARES

  • Número estándar o código: http://vocab.getty.edu/aat/300256072
  • Fuente: aat

024 7# - IDENTIFICADOR DE OTROS ESTÁNDARES

  • Número estándar o código: https://data.bnf.fr/ark:/12148/cb12069600h
  • Fuente: rameau

040 ## - FUENTE DE CATALOGACIÓN

  • Centro catalogador/agencia de origen: SpMaBN
  • Lengua de catalogación: spa
  • Centro/agencia transcriptor: SpMaBN
  • Normas de descripción: rdc
  • Convención/Normas de encabezamiento de materia/tesauro: tgfbne

042 ## - CÓDIGO DE AUTENTICACIÓN

  • Código de autenticación: NORM20151005

155 ## - ENCABEZAMIENTO--TÉRMINO DE GÉNERO/FORMA

  • Término de género/forma: Novelas biográficas

455 ## - TRAZADO DE VÉASE--TÉRMINO GÉNERO/FORMA

  • Término de género/forma: Biografías noveladas

555 ## - TRAZADO DE VÉASE ADEMÁS--TÉRMINO GÉNERO/FORMA

  • Subcampo de control: g
  • Término de género/forma: Biografías

555 ## - TRAZADO DE VÉASE ADEMÁS--TÉRMINO GÉNERO/FORMA

  • Subcampo de control: g
  • Término de género/forma: Novelas

555 ## - TRAZADO DE VÉASE ADEMÁS--TÉRMINO GÉNERO/FORMA

  • Subcampo de control: h
  • Término de género/forma: Novelas autobiográficas

670 ## - FUENTE DE DATOS ENCONTRADOS

  • Cita de la fuente: LCGFT
  • Información encontrada: (Biographical fiction)

670 ## - FUENTE DE DATOS ENCONTRADOS

  • Cita de la fuente: AAT
  • Información encontrada: (Fictional biography)

670 ## - FUENTE DE DATOS ENCONTRADOS

  • Cita de la fuente: WWW RAMEAU, 4-11-2019
  • Información encontrada: (Roman biographique)

670 ## - FUENTE DE DATOS ENCONTRADOS

  • Cita de la fuente: WWW RBGENR, 26-2-2020
  • Información encontrada: (Biographical fiction)
  • Identificador Uniforme de Recursos: https://rbms.info/vocabularies/genre/tr188.htm

680 ## - NOTA GENERAL PÚBLICA

  • Texto explicativo: Úsase para las novelas que describen la vida de personajes reales, pero mezclados con personajes y hechos ficticios. Para las novelas en las que las personas, lugares o hechos se describen bajo nombres falsos, véase
  • Encabezamiento o término de subdivisión: Romans à clefs